Real estate appraisal : review and outlook

Bibliographic Details
Main Author: Wendt, Paul F.
Format: Book
Published: Athens : University of georgia Press , 1974
Subjects:

MARC

LEADER 00000cam a2200000 7i4500
001 0000009253
005 20170104.0
020 |a 0820303178 
040 |a INS 
090 0 0 |a HD1387   |b W46 1974 
100 0 |a Wendt, Paul F. 
245 1 0 |a Real estate appraisal :   |b review and outlook   |c Paul F. Wendt 
260 |a Athens :   |b University of georgia Press ,   |c 1974 
300 |a 268p ;   |c 24cm. 
650 0 0 |a Real property   |x Valuation 
999 |a 0000022611   |b BOOK   |c Open Shelf   |e Default branch